00000000nam 2200000za 4500
0019.674588
003CaOODSP
00520240207110932
007cr |||||||||||
008150407|2007||||xxc|||||o    f|0| 0 fre d
040 |aCaOODSP|bfre
041 |aeng
041 |afre
043 |an-cn---
0861 |aSE3-29/2007-PDF
24500|aLégislation électorale fédérale |h[ressource électronique].
260 |aOttawa : |bÉlections Canada, |c2007.
300 |a493 p. : |bill.
590 |a07-28|b2007-07-13
69107|aSystème électoral|2gcpds
7102 |aÉlections Canada.
7760#|tFederal electoral legislation. |w(CaOODSP)9.668385
791 |tFederal electoral legislation |eeng|w(CaOODSP)9.674587
85640|ahttp://publications.gc.ca|qPDF|s4924 Ko|uhttps://publications.gc.ca/collections/collection_2007/elections/SE3-29-2007.pdf